| 000 | 01486nam a22002297a 4500 | ||
|---|---|---|---|
| 005 | 20250903122046.0 | ||
| 010 | _a HIN-130407 B-764611-4623 25BACHN25 | ||
| 020 |
_a9789389140644 _c400.00 |
||
| 035 | _aB-764611-4623 | ||
| 035 | _aHN-102753 | ||
| 037 | _bप्रकाशन संस्थान | ||
| 037 | _bDBAD | ||
| 082 | _aउ | ||
| 100 |
_aप्लातोनव ,आंद्रेई _984575 |
||
| 245 |
_aइमारत की नींव / _cआंद्रेई प्लातोनव ; सुभाष कुमार ठाकुर द्वारा अनुवादित |
||
| 260 |
_aनई दिल्ली _bप्रकाशन संस्थान _c2024 |
||
| 270 |
_a4268 -B/3, अंसारी रोड, दरियागंज , _bनई दिल्ली _e110002 |
||
| 300 |
_a144पृ. _c23सेमी (सजिल्द) |
||
| 700 |
_a ठाकुर, सुभाष कुमार _982931 |
||
| 942 |
_2ddc _cHN _hउ _mआंद्रेई |
||
| 999 |
_c209820 _d209820 |
||